UM Logo

Fundamentals of cognitive psychology / (Record no. 5510)

MARC details
000 -LEADER
fixed length control field 01306cam a2200289 i 4500
001 - CONTROL NUMBER
control field 18390217
005 - DATE AND TIME OF LATEST TRANSACTION
control field 20161109145329.0
008 - FIXED-LENGTH DATA ELEMENTS--GENERAL INFORMATION
fixed length control field 141201s2016 caua b 001 0 eng
010 ## - LIBRARY OF CONGRESS CONTROL NUMBER
LC control number 2014046572
020 ## - INTERNATIONAL STANDARD BOOK NUMBER
International Standard Book Number 9781483347585 (pbk. : alk. paper)
040 ## - CATALOGING SOURCE
Original cataloging agency DLC
Language of cataloging eng
Transcribing agency DLC
Description conventions rda
Modifying agency DLC
042 ## - AUTHENTICATION CODE
Authentication code pcc
050 00 - LIBRARY OF CONGRESS CALL NUMBER
Classification number BF201
Item number .K453 2016
082 00 - DEWEY DECIMAL CLASSIFICATION NUMBER
Classification number DC 153
Edition number 2016
Item number K291
100 1# - MAIN ENTRY--PERSONAL NAME
Personal name Kellogg, Ronald Thomas.
245 10 - TITLE STATEMENT
Title Fundamentals of cognitive psychology /
Statement of responsibility, etc. Ronald T. Kellogg, Saint Louis University.
250 ## - EDITION STATEMENT
Edition statement Third Edition.
260 ## - PUBLICATION, DISTRIBUTION, ETC. (IMPRINT)
Place of publication, distribution, etc. California:
Name of publisher, distributor, etc. SAGE Publications, Inc.
Date of publication, distribution, etc. c2016.
300 ## - PHYSICAL DESCRIPTION
Extent xviii, 403 pages :
Other physical details illustrations some color ;
Dimensions 23 cm.
504 ## - BIBLIOGRAPHY, ETC. NOTE
Bibliography, etc Includes bibliographical references (pages 357-387) and index.
505 0# - FORMATTED CONTENTS NOTE
Formatted contents note Preface -- Acknowledgments -- Introduction -- Perception -- Attention -- Memory systems -- Remembering events -- Memory distortions -- Imagery and knowledge representation -- Language -- Problem solving -- Reasoning and decision making -- Glossary -- References -- Index -- About the author.
650 #0 - SUBJECT ADDED ENTRY--TOPICAL TERM
Topical term or geographic name as entry element Cognitive psychology.
365 ## - TRADE PRICE
Price amount 8,995.00
Currency code Php
906 ## - LOCAL DATA ELEMENT F, LDF (RLIN)
a 7
b cbc
c orignew
d 1
e ecip
f 20
g y-gencatlg
942 ## - ADDED ENTRY ELEMENTS (KOHA)
Source of classification or shelving scheme Dewey Decimal Classification
Koha item type Circulation
Holdings
Withdrawn status Lost status Source of classification or shelving scheme Damaged status Not for loan Collection code Home library Current library Shelving location Date acquired Source of acquisition Total Checkouts Full call number Barcode Date last seen Date last checked out Cost, replacement price Price effective from Koha item type
    Dewey Decimal Classification     Circulation UM Digos College - LIC UM Digos College - LIC Book Cart 10/27/2016 Purchased 3 DC 153 K291 2016 24399 05/15/2025 01/11/2018 8995.00 11/09/2016 Circulation